[Event "Titled Tuesday intern op 30th Apr Early"]
[Site "Chess.com INT"]
[Date "2024.04.30"]
[Round "3"]
[White "Castellanos Hernandez, Lhia Itzayana"]
[Black "Aponte, Oriana Isabel"]
[Result "1-0"]
[WhiteElo "1900"]
[BlackElo "1998"]
[PlyCount "87"]
[EventDate "2024.04.30"]
[EventType "swiss (blitz)"]
[EventRounds "11"]
[EventCountry "USA"]
[SourceTitle "CB19_2024"]
[SourceDate "2024.05.08"]
[SourceVersion "1"]
[SourceVersionDate "2024.05.08"]
[SourceQuality "1"]

1. Nf3 Nf6 2. e3 g6 3. b3 Bg7 4. Bb2 0-0 5. c4 d6 6. Nc3 e5 7. d4 exd4 8. exd4 Bg4 9. Be2 Nc6 10. 0-0 Nd7 11. h3 Bxf3 12. Bxf3 Nxd4 13. Bxb7 Rb8 14. Bd5 c6 15. Bf3 Nxf3+ 16. Qxf3 Ne5 17. Qg3 Nxc4 18. bxc4 Rxb2 19. Ne4 d5 20. cxd5 cxd5 21. Rad1 Qa5 22. Qg5 Rb5 23. Nd6 h6 24. Qe7 Rbb8 25. Rfe1 Qxa2 26. h4 h5 27. g4 Qa4 28. gxh5 Qg4+ 29. Kf1 Qxh5 30. Qxa7 Qxh4 31. Qe3 Rb2 32. Qf3 Bc3 33. Re7 Qxe7 34. Rxd5 Qe1+ 35. Kg2 Rb1 36. Kg3 Qg1+ 37. Kf4 g5+ 38. Kf5 g4 39. Qxc3 Qxf2+ 40. Kg5 f6+ 41. Kg6 Rf1 42. Nf7 Rxf7 43. Rd8+ Rf8 44. Qc4+ 1-0